[Event "Wch U14"]
[Site "Montesilvano"]
[Date "2023.11.22"]
[Round "9"]
[White "Sommer, Justus"]
[Black "Besou, Hussain"]
[Result "1-0"]
[WhiteElo "2013"]
[BlackElo "2341"]
[PlyCount "83"]
[EventDate "2023.11.13"]
[EventType "swiss"]
[EventRounds "11"]
[EventCountry "ITA"]
[SourceTitle "CB48_2023"]
[SourceDate "2023.11.29"]
[SourceVersion "1"]
[SourceVersionDate "2023.11.29"]
[SourceQuality "1"]

1. e4 c5 2. Nf3 d6 3. Bb5+ Nd7 4. d4 cxd4 5. Qxd4 a6 6. Bxd7+ Bxd7 7. Nc3 e5 8. Qd3 h6 9. Nd2 b5 10. a4 Rb8 11. axb5 axb5 12. Nf1 Nf6 13. Ne3 Be7 14. Ncd5 Nxd5 15. Nxd5 0-0 16. Bd2 Be6 17. Bb4 Bxd5 18. Qxd5 Qc7 19. c3 Qb7 20. Qxb7 Rxb7 21. Ke2 f5 22. Rhd1 fxe4 23. Bxd6 Bxd6 24. Rxd6 Rc8 25. Rc1 Rbc7 26. Rb6 Rc5 27. Rd1 R8c7 28. Ke3 Rf7 29. Rd2 Kh7 30. Kxe4 Rf4+ 31. Ke3 Rf7 32. f3 h5 33. Rd8 Re7 34. Rdb8 e4 35. Rxb5 exf3+ 36. Kxf3 Rc6 37. Rxh5+ Kg6 38. Rh4 Rce6 39. Rf4 Re3+ 40. Kg4 Re2 41. Rb6+ Kh7 42. Kh3 1-0

[Event "Wch U14"]
[Site "Montesilvano"]
[Date "2023.11.16"]
[Round "4"]
[White "Villa Tornero, Alex"]
[Black "Sommer, Justus"]
[Result "1/2-1/2"]
[WhiteElo "2383"]
[BlackElo "2013"]
[PlyCount "178"]
[EventDate "2023.11.13"]
[EventType "swiss"]
[EventRounds "11"]
[EventCountry "ITA"]
[SourceTitle "CB48_2023"]
[SourceDate "2023.11.29"]
[SourceVersion "1"]
[SourceVersionDate "2023.11.29"]
[SourceQuality "1"]

1. e4 e5 2. Nf3 Nc6 3. Bb5 a6 4. Ba4 Nf6 5. d3 d6 6. c3 b5 7. Bc2 g6 8. 0-0 Bg7 9. h3 0-0 10. Be3 Re8 11. Re1 d5 12. a4 Bb7 13. Qc1 b4 14. Nbd2 Qd6 15. exd5 Qxd5 16. Bg5 Nd7 17. Bb3 Qxd3 18. Bc4 Qd6 19. Ne4 Qf8 20. Qd2 Nb6 21. Ba2 bxc3 22. bxc3 Na5 23. Nf6+ Bxf6 24. Bxf6 Bxf3 25. gxf3 Nac4 26. Qg5 Qc5 27. Re4 Re6 28. Qh4 h5 29. Bxc4 Rxf6 30. Qxf6 Nxc4 31. Rd1 Re8 32. f4 Nd6 33. Rxe5 Qc6 34. c4 Qxa4 35. Rxe8+ Qxe8 36. c5 Nb7 37. c6 Nd6 38. Rxd6 cxd6 39. c7 Qe1+ 40. Kg2 Qe4+ 41. Kg3 h4+ 42. Kxh4 Qc2 43. Kg5 Qxc7 44. Kh6 Kf8 45. Qh8+ Ke7 46. Qa8 Qd8 47. Qe4+ Kf8 48. f5 gxf5 49. Qd4 Ke7 50. Qe3+ Kd7 51. Kg7 Kc6 52. Qc3+ Kd5 53. Qd3+ Kc5 54. Qxf5+ d5 55. Kxf7 Qc7+ 56. Ke8 Qc6+ 57. Kd8 Qa8+ 58. Ke7 Qb7+ 59. Kf6 Qb6+ 60. Kg5 Qd8+ 61. Kf4 Qd6+ 62. Kf3 Kc4 63. h4 d4 64. Qc2+ Kb4 65. Qd3 Qf6+ 66. Kg3 Qg7+ 67. Kh3 Qd7+ 68. Kg3 Qg7+ 69. Kh3 Qd7+ 70. Kh2 Qd6+ 71. Kg2 Qf4 72. h5 Qg5+ 73. Kf1 Qxh5 74. Qxd4+ Kb5 75. f4 Qf3+ 76. Ke1 a5 77. Qe5+ Kb4 78. f5 a4 79. Qd4+ Kb3 80. f6 a3 81. Qb6+ Kc2 82. Qe6 Kb2 83. Qb6+ Qb3 84. Qf2+ Qc2 85. f7 Qxf2+ 86. Kxf2 a2 87. f8Q a1Q 88. Qh8+ Ka2 89. Qxa1+ Kxa1 1/2-1/2

[Event "Pardubice Czech op-A 34th"]
[Site "Pardubice"]
[Date "2023.07.22"]
[Round "2"]
[White "Sommer, Justus"]
[Black "Navaratnam, Rohan Shan Tze"]
[Result "0-1"]
[WhiteElo "2025"]
[BlackElo "2315"]
[PlyCount "80"]
[EventDate "2023.07.21"]
[EventType "swiss"]
[EventRounds "9"]
[EventCountry "CZE"]
[SourceTitle "CBM 215 Extra"]
[Source "ChessBase"]
[SourceDate "2023.09.30"]
[SourceVersion "1"]
[SourceVersionDate "2023.09.30"]
[SourceQuality "1"]

1. e4 c5 2. Nf3 e6 3. Nc3 Nc6 4. d4 cxd4 5. Nxd4 a6 6. Be3 Nf6 7. Be2 e5 8. Nf5 d5 9. Nxd5 Nxd5 10. exd5 Nb4 11. Ng3 f5 12. c3 Nxd5 13. Bc4 Nxe3 14. Qxd8+ Kxd8 15. fxe3 Bc5 16. Rd1+ Kc7 17. Rd5 Bd6 18. Bb3 b5 19. Rd2 Bc5 20. Rd5 Bxe3 21. Rxe5 f4 22. Ne2 Bb7 23. Re7+ Kb6 24. Rxb7+ Kxb7 25. Bd5+ Kb6 26. Bxa8 Rxa8 27. Rf1 Rf8 28. Nd4 Re8 29. Kd1 g5 30. Nb3 g4 31. Kc2 Re6 32. Kd3 Rh6 33. Rh1 Bf2 34. Ke4 f3 35. g3 Bxg3 36. Kf5 Rh4 37. Nd2 h5 38. Nf1 Bc7 39. Kg5 Rh3 40. a3 g3 0-1

[Event "GER-ch U14"]
[Site "Willingen"]
[Date "2023.06.03"]
[Round "9"]
[White "Sommer, Justus"]
[Black "Blodig, Vincent"]
[Result "1-0"]
[WhiteElo "2047"]
[BlackElo "1580"]
[PlyCount "65"]
[EventDate "2023.05.27"]
[EventType "swiss"]
[EventRounds "9"]
[EventCountry "GER"]
[SourceTitle "CBM 214 Extra"]
[Source "ChessBase"]
[SourceDate "2023.07.31"]
[SourceVersion "1"]
[SourceVersionDate "2023.07.31"]
[SourceQuality "1"]

1. d4 Nf6 2. c4 e6 3. Nc3 Bb4 4. e3 0-0 5. Bd2 c5 6. a3 Bxc3 7. Bxc3 Ne4 8. Qc2 Nxc3 9. Qxc3 cxd4 10. exd4 d5 11. Nf3 Nc6 12. c5 Re8 13. Bb5 e5 14. 0-0 e4 15. Ne5 Qc7 16. Rae1 f6 17. Nd3 Bd7 18. Nb4 Nxb4 19. Qxb4 Bxb5 20. Qxb5 Qc6 21. Qb3 f5 22. f3 Re6 23. fxe4 fxe4 24. Rf5 Rd8 25. Qg3 b6 26. Qg5 Rd7 27. Ref1 Re8 28. Rf6 Qa4 29. b4 Qb3 30. c6 Rde7 31. R6f5 e3 32. Qxe7 Rxe7 33. Rf8# 1-0

[Event "GER-ch U14"]
[Site "Willingen"]
[Date "2023.05.31"]
[Round "5"]
[White "Sommer, Justus"]
[Black "Korchynskyi, Mykola"]
[Result "1-0"]
[WhiteElo "2047"]
[BlackElo "2126"]
[PlyCount "135"]
[EventDate "2023.05.27"]
[EventType "swiss"]
[EventRounds "9"]
[EventCountry "GER"]
[SourceTitle "CBM 214 Extra"]
[Source "ChessBase"]
[SourceDate "2023.07.31"]
[SourceVersion "1"]
[SourceVersionDate "2023.07.31"]
[SourceQuality "1"]

1. d4 d5 2. c4 e6 3. Nf3 Be7 4. g3 Nf6 5. Bg2 0-0 6. 0-0 c6 7. Qc2 b6 8. Nbd2 Bb7 9. Rd1 Nbd7 10. e4 Nxe4 11. Nxe4 dxe4 12. Qxe4 Nf6 13. Qe2 Qc8 14. b3 Rd8 15. Bb2 Ne8 16. Rac1 Bf6 17. c5 Nc7 18. Ne5 Bxe5 19. dxe5 Nd5 20. Qg4 Qc7 21. h4 bxc5 22. Rxc5 Qb6 23. Bd4 Qc7 24. a3 Rd7 25. Rdc1 Rad8 26. Bc3 Qb8 27. Ba5 Rc8 28. Qe2 a6 29. h5 h6 30. Be4 Re8 31. Bb1 Qc8 32. Qe4 f5 33. exf6 Nxf6 34. Qg6 Rd4 35. Bc3 Rg4 36. Qc2 Qc7 37. Be5 Qf7 38. Bxf6 gxf6 39. Qe2 f5 40. Re1 Rg5 41. b4 Bc8 42. Ba2 f4 43. Rxg5+ hxg5 44. Qg4 Qf6 45. Qf3 Bd7 46. Qd3 Re7 47. Qd6 fxg3 48. Qxg3 Kh7 49. Re5 Kh6 50. Bc4 Bc8 51. Be2 Rd7 52. Rc5 Bb7 53. Bg4 Rd4 54. Kg2 Bc8 55. Be2 Rf4 56. Qe3 Bd7 57. Rc1 e5 58. Rc5 e4 59. Qg3 Be6 60. Kg1 Bd5 61. Qc3 Qf8 62. Qe3 Qc8 63. Qc3 Qf8 64. Qe3 Qc8 65. Rxd5 cxd5 66. Qb6+ Kh7 67. Qg6+ Kh8 68. Qh6+ 1-0

[Event "GER-ch U14"]
[Site "Willingen"]
[Date "2023.05.29"]
[Round "3"]
[White "Sommer, Justus"]
[Black "Wunderlich, Elias"]
[Result "0-1"]
[WhiteElo "2047"]
[BlackElo "1815"]
[PlyCount "134"]
[EventDate "2023.05.27"]
[EventType "swiss"]
[EventRounds "9"]
[EventCountry "GER"]
[SourceTitle "CBM 214 Extra"]
[Source "ChessBase"]
[SourceDate "2023.07.31"]
[SourceVersion "1"]
[SourceVersionDate "2023.07.31"]
[SourceQuality "1"]

1. e4 c6 2. d4 d5 3. exd5 cxd5 4. c4 Nf6 5. Nc3 e6 6. Nf3 Be7 7. Bg5 h6 8. Bh4 0-0 9. a3 b6 10. cxd5 Nxd5 11. Bxe7 Nxe7 12. Bc4 Bb7 13. 0-0 Na6 14. Ne5 Nc7 15. Qd3 Nf5 16. Rad1 Qg5 17. Ne4 Qh4 18. Rfe1 Rad8 19. Nf3 Qe7 20. Ba2 Nd5 21. Bb1 g6 22. Ng3 Ng7 23. Qd2 Kh7 24. h4 f5 25. Re5 Qf6 26. Rde1 Rd6 27. Ba2 Rfd8 28. Qc2 Ne7 29. d5 Nxd5 30. Nd4 Nf4 31. Nxe6 Nxg2 32. Nxd8 Nxe1 33. Rxe1 Rxd8 34. Qc7 Qc6 35. Qxc6 Bxc6 36. h5 gxh5 37. Bb1 Kg6 38. Bxf5+ Nxf5 39. Re6+ Kg5 40. Rxc6 Nxg3 41. fxg3 Rd1+ 42. Kf2 Rd2+ 43. Kf3 Rxb2 44. Rc3 h4 45. gxh4+ Kxh4 46. Rd3 h5 47. Rd4+ Kg5 48. a4 Ra2 49. Kg3 h4+ 50. Kh3 Ra3+ 51. Kg2 h3+ 52. Kh2 Kf5 53. a5 Rxa5 54. Kxh3 Re5 55. Kg3 b5 56. Rd8 a5 57. Ra8 a4 58. Kf3 Ke6 59. Kf4 Rc5 60. Ke4 Rc4+ 61. Kd3 Kd5 62. Ra7 Kc5 63. Ra8 Kb4 64. Ra7 a3 65. Ra8 Kb3 66. Ra5 b4 67. Ra8 Rc3+ 0-1

[Event "GER-ch U14"]
[Site "Willingen"]
[Date "2022.06.10"]
[Round "8"]
[White "Mader, Fabian"]
[Black "Sommer, Justus"]
[Result "0-1"]
[WhiteElo "1652"]
[BlackElo "1868"]
[PlyCount "78"]
[EventDate "2022.06.04"]
[EventType "swiss"]
[EventRounds "9"]
[EventCountry "GER"]
[SourceTitle "CBM 208 Extra"]
[Source "ChessBase"]
[SourceDate "2022.07.31"]
[SourceVersion "1"]
[SourceVersionDate "2022.07.31"]
[SourceQuality "1"]

1. e4 e5 2. Nf3 Nc6 3. Bc4 Bc5 4. c3 Nf6 5. d3 d6 6. Bb3 a6 7. Nbd2 Ba7 8. h3 0-0 9. Nf1 h6 10. g4 d5 11. Qe2 dxe4 12. dxe4 Nd7 13. g5 Nc5 14. gxh6 Nd3+ 15. Kd1 Nf4+ 16. Qd2 Qxd2+ 17. Bxd2 gxh6 18. Bxf4 exf4 19. Rh2 Kh7 20. N1d2 f5 21. Bc2 Be6 22. exf5 Bxf5 23. Bxf5+ Rxf5 24. Kc2 Re8 25. Re1 Rxe1 26. Nxe1 Ne5 27. Ndf3 Nxf3 28. Nxf3 Rd5 29. Ne1 h5 30. Nd3 f3 31. h4 Rf5 32. Rh1 Kg7 33. Re1 Rf7 34. Re5 Kg6 35. Kd2 Rf6 36. Ke1 b5 37. Rg5+ Kh6 38. Kf1 Rd6 39. Ne1 Rd2 0-1

[Event "GER-ch U14"]
[Site "Willingen"]
[Date "2022.06.06"]
[Round "3"]
[White "Sommer, Justus"]
[Black "Deschler, Arne"]
[Result "1-0"]
[WhiteElo "1868"]
[BlackElo "1646"]
[PlyCount "49"]
[EventDate "2022.06.04"]
[EventType "swiss"]
[EventRounds "9"]
[EventCountry "GER"]
[SourceTitle "CBM 208 Extra"]
[Source "ChessBase"]
[SourceDate "2022.07.31"]
[SourceVersion "1"]
[SourceVersionDate "2022.07.31"]
[SourceQuality "1"]

1. e4 c6 2. d4 d5 3. exd5 cxd5 4. c4 Nf6 5. Nc3 Bf5 6. Bg5 dxc4 7. Bxc4 e6 8. d5 Qb6 9. Bxf6 gxf6 10. Nge2 Bc5 11. 0-0 Nd7 12. Ng3 Qxb2 13. Nxf5 exf5 14. Qe1+ Ne5 15. Rb1 Qc2 16. Rc1 Qb2 17. Bb3 Kd8 18. Na4 Qd4 19. Nxc5 Rg8 20. Qe3 Qg4 21. Qg3 Nf3+ 22. gxf3 Qxf3 23. Qxg8+ Ke7 24. Rfe1+ Kd6 25. Nxb7+ 1-0

[Event "Reinstorf Blitz op"]
[Site "Reinstorf"]
[Date "2022.02.04"]
[Round "3"]
[White "Colbow, Collin"]
[Black "Sommer, Justus"]
[Result "1-0"]
[WhiteElo "2137"]
[BlackElo "1821"]
[PlyCount "75"]
[EventDate "2022.01.29"]
[EventType "swiss (blitz)"]
[EventRounds "9"]
[EventCountry "GER"]
[SourceTitle "CBM 206 Extra"]
[Source "ChessBase"]
[SourceDate "2022.03.31"]
[SourceVersion "1"]
[SourceVersionDate "2022.03.31"]
[SourceQuality "1"]

1. Nf3 Nf6 2. b3 g6 3. Bb2 Bg7 4. g3 0-0 5. Bg2 d5 6. c4 c6 7. 0-0 b6 8. a4 Bb7 9. a5 c5 10. cxd5 Bxd5 11. Nc3 Bb7 12. Qc2 Nc6 13. a6 Nb4 14. axb7 Nxc2 15. bxa8Q Qxa8 16. Ne1 Qd8 17. Nxc2 Qxd2 18. Rac1 Ne8 19. Rfd1 Qg5 20. Ne4 Qh5 21. Bxg7 Nxg7 22. Rd7 f5 23. Nc3 a6 24. f4 e6 25. Bf3 Qh3 26. Rcd1 g5 27. fxg5 f4 28. Ne4 fxg3 29. hxg3 Qf5 30. Ne3 Qe5 31. Ng4 Qb2 32. Ngf6+ Kh8 33. Rd8 Rxd8 34. Rxd8+ Ne8 35. Rxe8+ Kg7 36. Rg8+ Kf7 37. Bh5+ Ke7 38. Re8# 1-0

[Event "Reinstorf Blitz op"]
[Site "Reinstorf"]
[Date "2022.02.04"]
[Round "2"]
[White "Sommer, Justus"]
[Black "Rotaermel, Leonie"]
[Result "1-0"]
[WhiteElo "1821"]
[BlackElo "1427"]
[PlyCount "54"]
[EventDate "2022.01.29"]
[EventType "swiss (blitz)"]
[EventRounds "9"]
[EventCountry "GER"]
[SourceTitle "CBM 206 Extra"]
[Source "ChessBase"]
[SourceDate "2022.03.31"]
[SourceVersion "1"]
[SourceVersionDate "2022.03.31"]
[SourceQuality "1"]

1. e4 e6 2. d4 d5 3. Nc3 dxe4 4. Nxe4 Bd7 5. c3 Bc6 6. Bd3 Nd7 7. Nf3 Ngf6 8. Qe2 Nxe4 9. Bxe4 Bxe4 10. Qxe4 c6 11. Bg5 Be7 12. Bxe7 Qxe7 13. 0-0 Nf6 14. Qe2 0-0 15. Ne5 Rad8 16. f4 Nd7 17. Nd3 Nb6 18. f5 Rfe8 19. f6 gxf6 20. Rf3 Kh8 21. Rh3 Qf8 22. Rf1 Qg7 23. Qh5 Rd5 24. Qh4 Rg8 25. g3 Rg5 26. Rxf6 Rg4 27. Qh5 Rg5 1-0

[Event "Reinstorf op"]
[Site "Reinstorf"]
[Date "2022.02.02"]
[Round "5"]
[White "Sommer, Justus"]
[Black "Muedder, Rafael"]
[Result "0-1"]
[WhiteElo "1821"]
[BlackElo "2035"]
[PlyCount "138"]
[EventDate "2022.01.29"]
[EventType "swiss"]
[EventRounds "9"]
[EventCountry "GER"]
[SourceTitle "CBM 206 Extra"]
[Source "ChessBase"]
[SourceDate "2022.03.31"]
[SourceVersion "1"]
[SourceVersionDate "2022.03.31"]
[SourceQuality "1"]

1. e4 c5 2. c3 Nf6 3. e5 Nd5 4. Bc4 Nb6 5. Bb3 Nc6 6. Nf3 d5 7. exd6 c4 8. Bc2 Qxd6 9. d4 cxd3 10. Qxd3 Qxd3 11. Bxd3 Bg4 12. Nbd2 0-0-0 13. Bb5 f6 14. Bxc6 bxc6 15. Nd4 c5 16. N4b3 e5 17. f3 Bf5 18. Nf1 Kb7 19. Ng3 Bd3 20. Be3 Na4 21. Ne4 Bxe4 22. fxe4 Kc6 23. Rb1 Rb8 24. Kd2 Nb6 25. Kc2 Be7 26. Nd2 Rhd8 27. Rhd1 a5 28. b3 a4 29. bxa4 Ra8 30. Rb3 Rxa4 31. a3 Rda8 32. Kb2 R8a6 33. Ra1 Nc4+ 34. Nxc4 Rxc4 35. Ka2 Rxe4 36. Bc1 Bd6 37. Rb2 c4 38. Rd2 Re1 39. Kb2 Bxa3+ 40. Rxa3 Rxa3 41. Kxa3 Rxc1 42. Kb4 f5 43. Kxc4 Ra1 44. Re2 Ra5 45. Rb2 Rc5+ 46. Kd3 Rd5+ 47. Ke3 g5 48. c4 Ra5 49. Rb8 Ra3+ 50. Ke2 Ra2+ 51. Kf1 Kc5 52. Rb5+ Kd4 53. h3 Rc2 54. Rb7 Rxc4 55. Rxh7 Ke3 56. Kg1 Rc1+ 57. Kh2 Kf4 58. Rg7 Rc2 59. h4 g4 60. h5 Rc3 61. h6 Rc6 62. h7 Rh6+ 63. Kg1 e4 64. Ra7 e3 65. Ra4+ Kg5 66. Ra3 Kf4 67. Ra4+ Kg3 68. Ra1 Rxh7 69. Rb1 Rh2 0-1

[Event "GER-ch U12"]
[Site "Willingen"]
[Date "2021.08.29"]
[Round "9"]
[White "Sommer, Justus"]
[Black "Sauer, Tim"]
[Result "1-0"]
[WhiteElo "1790"]
[BlackElo "1810"]
[PlyCount "85"]
[EventDate "2021.08.22"]
[EventType "swiss"]
[EventRounds "9"]
[EventCountry "GER"]
[SourceTitle "EXT 2022"]
[Source "ChessBase"]
[SourceDate "2021.10.06"]
[SourceVersion "1"]
[SourceVersionDate "2021.10.06"]
[SourceQuality "1"]

1. e4 c6 2. c4 d5 3. exd5 cxd5 4. cxd5 Nf6 5. Nc3 g6 6. Bc4 Bg7 7. Nf3 0-0 8. 0-0 Na6 9. d3 Nc7 10. Qb3 b6 11. Ne5 Qd6 12. Bf4 Nh5 13. Ne4 Qd8 14. Nc6 Qd7 15. Bg5 Bf6 16. Bxf6 exf6 17. Qc3 Kg7 18. Qd4 Bb7 19. Nb4 Rfe8 20. a4 a5 21. Qxb6 Reb8 22. Nc6 Bxc6 23. Qxc6 Qxc6 24. dxc6 Rxb2 25. Rfb1 Rab8 26. Nc3 Nf4 27. Kf1 Nfe6 28. Bb5 Rb4 29. Rc1 Nd4 30. Rab1 Kf8 31. Na2 Rxb1 32. Rxb1 Ke7 33. Nc3 f5 34. Ne2 Nc2 35. Rc1 Nb4 36. d4 Kd6 37. Rc5 Ne6 38. Rc1 Nc7 39. Nc3 Nbd5 40. Nxd5 Kxd5 41. Ke2 Ne6 42. c7 Rc8 43. Bd7 1-0

[Event "GER-ch U12"]
[Site "Willingen"]
[Date "2021.08.26"]
[Round "5"]
[White "Sommer, Justus"]
[Black "Braun, Julian1111"]
[Result "1-0"]
[WhiteElo "1790"]
[BlackElo "1436"]
[PlyCount "129"]
[EventDate "2021.08.22"]
[EventType "swiss"]
[EventRounds "9"]
[EventCountry "GER"]
[SourceTitle "EXT 2022"]
[Source "ChessBase"]
[SourceDate "2021.10.06"]
[SourceVersion "1"]
[SourceVersionDate "2021.10.06"]
[SourceQuality "1"]

1. e4 e5 2. Nf3 Nc6 3. Bc4 Bc5 4. c3 Nf6 5. d4 exd4 6. 0-0 Nxe4 7. cxd4 d5 8. dxc5 dxc4 9. Qe2 Qd3 10. Re1 f5 11. Nc3 0-0 12. Nxe4 fxe4 13. Qxe4 Qxe4 14. Rxe4 Bf5 15. Rxc4 Bd3 16. Rf4 Rfe8 17. Bd2 Rad8 18. Bc3 Re2 19. h3 Bc2 20. Rg4 g6 21. h4 Rd5 22. Nd4 Nxd4 23. Bxd4 Be4 24. Be3 Bd3 25. Rb4 b5 26. cxb6 cxb6 27. Rc1 Rc2 28. Rxc2 Bxc2 29. Rc4 Bf5 30. Kh2 Kf7 31. Kg3 Ke6 32. Kf3 h5 33. Kf4 Rd3 34. f3 Kd6 35. Ra4 Rd5 36. Rxa7 Rb5 37. b3 Bb1 38. g4 hxg4 39. fxg4 Rb4+ 40. Kg3 Rb5 41. Ra6 Kc6 42. Ra4 Kd5 43. h5 gxh5 44. gxh5 Ke6 45. h6 Rh5 46. Ra6 Kf7 47. a4 Bc2 48. Rxb6 Rd5 49. Rb7+ Kg8 50. Kg4 Rd3 51. Bf4 Rd1 52. a5 Rg1+ 53. Kf3 Rf1+ 54. Ke3 Ra1 55. b4 Ra4 56. Kd4 Bb1 57. Kc5 Bg6 58. Rg7+ Kh8 59. Rxg6 Ra2 60. Rc6 Rf2 61. Be5+ Kh7 62. Bg7 Rg2 63. a6 Rg3 64. a7 Rg4 65. Rc7 1-0

[Event "GER-chT U20"]
[Site "Willingen"]
[Date "2021.06.25"]
[Round "4"]
[White "Melitzki, Richard"]
[Black "Sommer, Justus"]
[Result "1-0"]
[WhiteElo "1425"]
[BlackElo "1744"]
[PlyCount "117"]
[EventDate "2021.06.24"]
[EventType "team-swiss"]
[EventRounds "7"]
[EventCountry "GER"]
[SourceTitle "CBM 203 Extra"]
[Source "ChessBase"]
[SourceDate "2021.09.30"]
[SourceVersion "1"]
[SourceVersionDate "2021.09.30"]
[SourceQuality "1"]
[WhiteTeam "Plauen Koenig"]
[BlackTeam "Luebeck"]
[WhiteTeamCountry "GER"]
[BlackTeamCountry "GER"]

1. e4 e5 2. Nf3 Nc6 3. Nc3 Nf6 4. d4 exd4 5. Nxd4 Bb4 6. Nxc6 bxc6 7. Bd3 0-0 8. 0-0 d5 9. exd5 cxd5 10. h3 h6 11. Qf3 Be6 12. Ne2 Bd6 13. Nf4 Nd7 14. Bd2 Ne5 15. Qe2 Re8 16. Rfe1 Nxd3 17. Qxd3 Qd7 18. Nxe6 Rxe6 19. Rxe6 fxe6 20. Re1 Rf8 21. Bc3 Bc5 22. Bd4 Bb6 23. Qe3 Re8 24. Qc3 Qf7 25. Bxb6 axb6 26. b4 Qe7 27. Qc6 Qf7 28. Re3 Re7 29. a4 Qe8 30. Qxe8+ Rxe8 31. f4 Ra8 32. Ra3 Kf7 33. Kf2 Ke7 34. Ke3 Kd6 35. a5 c5 36. c3 d4+ 37. Kd3 dxc3 38. bxc5+ bxc5 39. Kxc3 Kd5 40. a6 Ra7 41. Ra4 Kc6 42. Kc4 Kb6 43. Ra3 Kc6 44. g4 g6 45. h4 Kb6 46. Re3 Re7 47. a7 Kxa7 48. Kxc5 Kb7 49. Kd6 Rf7 50. Re4 Kc8 51. Kxe6 Ra7 52. Kf6 Ra6+ 53. Kg7 h5 54. gxh5 gxh5 55. f5 Ra7+ 56. Kg6 Kd8 57. f6 Ra1 58. f7 Rf1 59. Re8+ 1-0

[Event "GER-chT Christmas U20"]
[Site "Playchess.com INT"]
[Date "2020.12.29"]
[Round "4.3"]
[White "Kvantaliani, Saba"]
[Black "Sommer, Justus"]
[Result "1-0"]
[WhiteElo "1535"]
[BlackElo "1744"]
[PlyCount "115"]
[EventDate "2020.12.29"]
[EventType "team-swiss (blitz)"]
[EventRounds "7"]
[EventCountry "GER"]
[SourceTitle "CBM 200 Extra"]
[Source "ChessBase"]
[SourceDate "2021.03.31"]
[SourceVersion "1"]
[SourceVersionDate "2021.03.31"]
[SourceQuality "1"]
[WhiteTeam "Muenster II"]
[BlackTeam "Luebeck II"]
[WhiteTeamCountry "GER"]
[BlackTeamCountry "GER"]

1. e4 e5 2. Nf3 Nc6 3. Bb5 a6 4. Bxc6 dxc6 5. d3 Bd6 6. h3 h6 7. Nc3 Nf6 8. Be3 Be6 9. 0-0 c5 10. Ne2 g5 11. b4 cxb4 12. d4 exd4 13. Nexd4 Nxe4 14. Nxe6 fxe6 15. Qd4 Nf6 16. Rfe1 Qe7 17. Qc4 0-0-0 18. Bd4 Rhe8 19. c3 g4 20. hxg4 Nxg4 21. cxb4 e5 22. Bc5 h5 23. Rab1 Nf6 24. a4 e4 25. Nd4 Qe5 26. Red1 Qh2+ 27. Kf1 Qh1+ 28. Ke2 Qxg2 29. Nf5 Qg4+ 30. Kf1 Bxc5 31. Rxd8+ Rxd8 32. Qxc5 Rd1+ 33. Rxd1 Qxd1+ 34. Kg2 Qf3+ 35. Kf1 Qd1+ 36. Kg2 Qg4+ 37. Kf1 Qg7 38. Qa7 Qg6 39. Ne7+ Kd7 40. Nxg6 Ng4 41. Qxb7 Ke6 42. Qxe4+ Kf6 43. Nf4 Nh2+ 44. Kg2 Ng4 45. Qe6+ Kg5 46. Kg3 h4+ 47. Kf3 Nh2+ 48. Ke3 Nf1+ 49. Ke4 Nd2+ 50. Kd3 Kxf4 51. Kxd2 Kf3 52. Qh3+ Kxf2 53. Qxh4+ Kf3 54. Qc4 Kg3 55. Qxc7+ Kf3 56. Qc6+ Kg3 57. Qxa6 Kf4 58. b5 1-0

[Event "GER-chT Christmas U20"]
[Site "Playchess.com INT"]
[Date "2020.12.29"]
[Round "5.3"]
[White "Sommer, Justus"]
[Black "Eull, Emil"]
[Result "1-0"]
[WhiteElo "1744"]
[BlackElo "1662"]
[PlyCount "107"]
[EventDate "2020.12.29"]
[EventType "team-swiss (blitz)"]
[EventRounds "7"]
[EventCountry "GER"]
[SourceTitle "CBM 200 Extra"]
[Source "ChessBase"]
[SourceDate "2021.03.31"]
[SourceVersion "1"]
[SourceVersionDate "2021.03.31"]
[SourceQuality "1"]
[WhiteTeam "Luebeck II"]
[BlackTeam "Neuberg"]
[WhiteTeamCountry "GER"]
[BlackTeamCountry "GER"]

1. e3 g6 2. e4 Bg7 3. d4 d6 4. Nf3 Nd7 5. Nc3 a6 6. a4 c5 7. Be3 cxd4 8. Nxd4 Ngf6 9. Bc4 0-0 10. 0-0 Ne5 11. Bb3 Bd7 12. h3 Nc6 13. f4 Nh5 14. Rf3 e5 15. Nde2 Nxf4 16. Nxf4 exf4 17. Bxf4 Ne5 18. Rf1 Qb6+ 19. Kh1 Be6 20. Nd5 Bxd5 21. Qxd5 Qc6 22. Rad1 Rad8 23. c3 Rd7 24. Rd2 Qxd5 25. Rxd5 Rfd8 26. Rfd1 Kf8 27. a5 Ke7 28. Ba4 Nc6 29. Kg1 h6 30. Kf2 g5 31. Bg3 Bh8 32. Ke3 Bg7 33. h4 gxh4 34. Bxh4+ f6 35. Bg3 Bf8 36. Kf4 Ke6 37. Ke3 Rg7 38. Kf2 Ne5 39. Bb3 Ke7 40. Bxe5 fxe5 41. c4 Rf7+ 42. Ke3 Rg7 43. R1d2 Rg6 44. c5 h5 45. cxd6+ Rgxd6 46. Rxe5+ Kf6 47. Rxd6+ Bxd6 48. Rf5+ Ke7 49. Rf7+ Ke8 50. Rxb7 Bc5+ 51. Kf4 Bd6+ 52. e5 Bc5 53. Kf5 Rd7 54. Ba4 1-0

[Event "GER-ch U12"]
[Site "Willingen"]
[Date "2020.10.31"]
[Round "7"]
[White "Sommer, Justus"]
[Black "Eichhorn, Valentin"]
[Result "1-0"]
[WhiteElo "1845"]
[BlackElo "1545"]
[PlyCount "55"]
[EventDate "2020.10.26"]
[EventType "swiss"]
[EventRounds "7"]
[EventCountry "GER"]
[SourceTitle "CBM 199 Extra"]
[Source "ChessBase"]
[SourceDate "2021.01.31"]
[SourceVersion "1"]
[SourceVersionDate "2021.01.31"]
[SourceQuality "1"]

1. e4 c5 2. Nf3 e6 3. c3 Nc6 4. Na3 a6 5. d4 d5 6. exd5 Qxd5 7. Nc2 Nf6 8. h3 h6 9. Be3 cxd4 10. Ncxd4 Nxd4 11. Bxd4 Be7 12. Be2 Qd8 13. Qc2 Bd6 14. Rd1 Qe7 15. 0-0 e5 16. Bb6 e4 17. Nd2 0-0 18. Bd4 Bf5 19. Nc4 Bg6 20. Bxf6 gxf6 21. Nxd6 e3 22. Qb3 exf2+ 23. Rxf2 b5 24. Bf3 Rad8 25. Re2 Qd7 26. Red2 Qe7 27. c4 bxc4 28. Nxc4 1-0

[Event "GER-ch U12"]
[Site "Willingen"]
[Date "2020.10.30"]
[Round "5"]
[White "Sommer, Justus"]
[Black "Grabs, Peter"]
[Result "1/2-1/2"]
[WhiteElo "1845"]
[BlackElo "1674"]
[PlyCount "126"]
[EventDate "2020.10.26"]
[EventType "swiss"]
[EventRounds "7"]
[EventCountry "GER"]
[SourceTitle "CBM 199 Extra"]
[Source "ChessBase"]
[SourceDate "2021.01.31"]
[SourceVersion "1"]
[SourceVersionDate "2021.01.31"]
[SourceQuality "1"]

1. e4 e6 2. d4 d5 3. Nc3 Bb4 4. Nge2 Nf6 5. a3 Bxc3+ 6. Nxc3 dxe4 7. Bg5 Nc6 8. Bb5 Bd7 9. Nxe4 h6 10. Nxf6+ gxf6 11. Be3 Ne7 12. Bxd7+ Qxd7 13. Qf3 Nd5 14. c4 Nxe3 15. fxe3 0-0-0 16. Qxf6 Qc6 17. c5 Qxg2 18. 0-0-0 Qg5 19. Qxf7 Qxe3+ 20. Kb1 Qe4+ 21. Ka2 Rxd4 22. Rxd4 Qxd4 23. Qxe6+ Qd7 24. Qc4 Re8 25. Ka1 Qe6 26. Qc3 Qe5 27. Qh3+ Qe6 28. Qg3 Qe5 29. Qg6 Qe6 30. Rg1 Qxg6 31. Rxg6 h5 32. Rg5 h4 33. Rg4 h3 34. Rg3 Rh8 35. Kb1 Kd7 36. Kc2 Kc6 37. b4 a5 38. Kb3 axb4 39. axb4 Rh4 40. Ka4 b6 41. Rg6+ Kb7 42. Kb5 Rh5 43. Rf6 bxc5 44. bxc5 Re5 45. Rh6 Re3 46. c6+ Ka7 47. Rh7 Re5+ 48. Kc4 Kb6 49. Rxh3 Rc5+ 50. Kd4 Rxc6 51. Rb3+ Ka5 52. h3 Rh6 53. Kc5 Ka4 54. Rd3 Rh5+ 55. Kc6 Kb4 56. Kxc7 Kc4 57. Ra3 Kd4 58. Kd6 Ke4 59. Ke6 Kf4 60. Kf6 Rh6+ 61. Kg7 Rh4 62. Kg6 Rh8 63. Ra4+ Kg3 1/2-1/2